[Event "Xativa Murta op 4th"]
[Site "Xativa"]
[Date "2018.07.18"]
[Round "4"]
[White "Alcala Cuesta, Miguel"]
[Black "Martinez Escandell, Alfonso"]
[Result "0-1"]
[WhiteElo "1700"]
[BlackElo "1900"]
[PlyCount "54"]
[EventDate "2018.07.16"]
[EventType "swiss"]
[EventRounds "7"]
[EventCountry "ESP"]
[SourceTitle "CBM 185 Extra"]
[Source "ChessBase"]
[SourceDate "2018.07.29"]
[SourceVersion "1"]
[SourceVersionDate "2018.07.29"]
[SourceQuality "1"]

1. d4 Nf6 2. c4 c5 3. e3 g6 4. Nc3 Bg7 5. Nf3 0-0 6. Be2 cxd4 7. exd4 d5 8. 0-0 Nc6 9. Bf4 Bg4 10. c5 Nh5 11. Be3 Nf6 12. a3 a6 13. b4 Ne4 14. Rc1 f5 15. g3 e6 16. Kg2 Qf6 17. Ng1 Nxc3 18. Rxc3 Nxd4 19. Bxg4 fxg4 20. Rd3 Nf3 21. Bc1 Ne5 22. Bb2 Qf5 23. Rb3 Qe4+ 24. f3 gxf3+ 25. Nxf3 Nxf3 26. Bxg7 Ng5+ 27. Kg1 Nh3# 0-1

[Event "Villalba op 1st"]
[Site "Villalba"]
[Date "2013.08.03"]
[Round "8.27"]
[White "Alcala Cuesta, Miguel"]
[Black "Folgar Lopez, Angel"]
[Result "1-0"]
[WhiteElo "1819"]
[BlackElo "1574"]
[PlyCount "75"]
[EventDate "2013.07.27"]
[EventType "swiss"]
[EventRounds "9"]
[EventCountry "ESP"]
[SourceTitle "EXT 2024"]
[Source "ChessBase"]
[SourceDate "2023.10.10"]
[SourceVersion "1"]
[SourceVersionDate "2023.10.10"]
[SourceQuality "1"]

1. d4 d5 2. c4 e6 3. Nc3 Nf6 4. cxd5 exd5 5. Bg5 Be7 6. e3 c6 7. Bd3 h6 8. Bh4 Nbd7 9. Nge2 0-0 10. 0-0 Re8 11. f3 Qc7 12. Bf2 Bd6 13. h3 Nf8 14. e4 dxe4 15. fxe4 Bb4 16. Qc2 Bxc3 17. bxc3 b6 18. c4 Bb7 19. Rac1 Rad8 20. e5 N6h7 21. Bg3 Qe7 22. Rf2 Ng5 23. Rcf1 Nd7 24. h4 Ne6 25. Rxf7 Qb4 26. Bg6 Rf8 27. Be1 Qa3 28. Bd2 Rxf7 29. Bxf7+ Kh8 30. Bxe6 Qe7 31. Bxd7 Qxd7 32. Qf5 Qe7 33. Nf4 Kg8 34. Ng6 Qe8 35. e6 Bc8 36. Qf7+ Qxf7 37. exf7+ Kh7 38. f8Q 1-0

[Event "Villalba op 1st"]
[Site "Villalba"]
[Date "2013.07.28"]
[Round "2.3"]
[White "Alcala Cuesta, Miguel"]
[Black "Aziz Ortego, Omar Luis"]
[Result "0-1"]
[WhiteElo "1819"]
[BlackElo "2045"]
[PlyCount "72"]
[EventDate "2013.07.27"]
[EventType "swiss"]
[EventRounds "9"]
[EventCountry "ESP"]
[SourceTitle "EXT 2024"]
[Source "ChessBase"]
[SourceDate "2023.10.10"]
[SourceVersion "1"]
[SourceVersionDate "2023.10.10"]
[SourceQuality "1"]

1. d4 e6 2. c4 Nf6 3. Nc3 b6 4. Bf4 Bb7 5. Nf3 Be7 6. e3 Nh5 7. Bg3 d6 8. Nd2 g6 9. f3 Bh4 10. Ne2 Bxg3+ 11. hxg3 f5 12. f4 Nd7 13. Nf3 Ndf6 14. Qa4+ Ke7 15. Rh3 Ne4 16. Nd2 Nef6 17. Ng1 Ng4 18. Qb3 a5 19. Ngf3 a4 20. Qc3 Nhf6 21. Be2 Ra5 22. Nh4 Qa8 23. Bf3 Kf7 24. Bxb7 Qxb7 25. Nhf3 h6 26. Ke2 Re8 27. Rf1 e5 28. fxe5 dxe5 29. d5 c6 30. e4 cxd5 31. cxd5 Rc8 32. Nxe5+ Nxe5 33. Qxe5 Rxd5 34. Qf4 Qa6+ 35. Kf2 Rxd2+ 36. Qxd2 Nxe4+ 0-1

[Event "Madrid Villaverde op 10th"]
[Site "Madrid"]
[Date "2009.03.24"]
[Round "2"]
[White "Alcala Cuesta, Miguel"]
[Black "Chincoa Morilla, Pedro"]
[Result "1/2-1/2"]
[WhiteElo "1815"]
[BlackElo "1724"]
[PlyCount "154"]
[EventDate "2009.03.23"]
[EventType "swiss"]
[EventRounds "8"]
[EventCountry "ESP"]
[SourceTitle "CBM 129 Extra"]
[Source "ChessBase"]
[SourceDate "2009.05.05"]
[SourceVersion "2"]
[SourceVersionDate "2009.05.20"]
[SourceQuality "1"]

1. d4 d5 2. c4 e6 3. Nf3 Nf6 4. Nc3 c6 5. e3 Nbd7 6. cxd5 exd5 7. Bd3 Bd6 8. 0-0 0-0 9. a3 Re8 10. b4 a6 11. Rb1 Nf8 12. a4 Bg4 13. b5 axb5 14. axb5 c5 15. dxc5 Bxc5 16. Be2 Bd6 17. Nd4 Bd7 18. Bb2 Ne4 19. Nb3 Nxc3 20. Bxc3 Be6 21. Bd4 Bc7 22. g3 Bh3 23. Re1 Ne6 24. Qc2 Rc8 25. Qb2 Bf5 26. Ra1 Be4 27. Nd2 Nxd4 28. Qxd4 Bg6 29. Rec1 Bb6 30. Qb2 h6 31. Nf3 Be4 32. Nd4 Qd7 33. Bf1 Ra8 34. Rd1 Rxa1 35. Qxa1 Rc8 36. Rc1 Rxc1 37. Qxc1 Qc7 38. Qxc7 Bxc7 39. f3 Bg6 40. Bh3 Bb6 41. Bc8 f6 42. Bxb7 Bf7 43. Kf2 h5 44. Nf5 Be6 45. Ne7+ Kf7 46. Nxd5 Bxd5 47. Bxd5+ Ke7 48. Bc6 Ba7 49. Bd5 Bc5 50. h4 g5 51. hxg5 fxg5 52. Ke2 Kf6 53. Kd3 h4 54. gxh4 gxh4 55. f4 h3 56. Bh1 Kf5 57. Ke2 Kg4 58. Bf3+ Kg3 59. f5 Kh4 60. f6 Kg5 61. f7 Kf6 62. Bd5 h2 63. b6 h1Q 64. Bxh1 Kg7 65. b7 Bd6 66. Kf3 Kxf7 67. Ke4 Ke6 68. Bf3 Bb8 69. Bg4+ Ke7 70. Kf5 Ba7 71. e4 Bb8 72. e5 Bc7 73. e6 Bb8 74. Ke4 Bc7 75. Kd5 Bh2 76. Kc6 Be5 77. Kb6 Bb8 1/2-1/2

[Event "Madrid Anticrisis op"]
[Site "Madrid"]
[Date "2009.03.03"]
[Round "1"]
[White "Alonso Abad, Enrique"]
[Black "Alcala Cuesta, Miguel"]
[Result "0-1"]
[WhiteElo "2074"]
[BlackElo "1815"]
[PlyCount "102"]
[EventDate "2009.03.03"]
[EventType "swiss"]
[EventRounds "9"]
[EventCountry "ESP"]
[SourceTitle "CBM 129 Extra"]
[Source "ChessBase"]
[SourceDate "2009.05.05"]
[SourceVersion "2"]
[SourceVersionDate "2009.05.20"]
[SourceQuality "1"]

1. Nf3 Nf6 2. c4 c5 3. Nc3 d5 4. cxd5 Nxd5 5. e4 Nxc3 6. bxc3 Nc6 7. Bc4 e6 8. 0-0 Bd6 9. d4 cxd4 10. cxd4 0-0 11. Bb2 Rb8 12. Qe2 Na5 13. Bd3 b5 14. Rab1 a6 15. Rfc1 Bb7 16. Bc3 Nc6 17. d5 exd5 18. exd5 Ne7 19. Bxh7+ Kxh7 20. Ng5+ Kg6 21. Qg4 f5 22. Qh4 Rh8 23. Qd4 Kxg5 24. Qxg7+ Ng6 25. Bd2+ Kh5 26. Rb3 Qe7 27. Rh3+ Nh4 28. Qd4 Qe4 29. Qxe4 fxe4 30. g3 Kg4 31. Rxh4+ Rxh4 32. gxh4 Kxh4 33. Rd1 Kh3 34. Kf1 Bxd5 35. Ke2 Re8 36. Be3 Bc4+ 37. Kd2 Kxh2 38. Kc3 Be5+ 39. Kb4 Bd3 40. Ka5 Kg2 41. a3 Bc3+ 42. Kb6 Bb2 43. Bc5 Re6+ 44. Kb7 a5 45. Re1 Kf3 46. Re3+ Kf4 47. Rh3 Rf6 48. Be3+ Ke5 49. Rh5+ Rf5 50. Rh8 Bxa3 51. Re8+ Kd6 0-1

[Event "Madrid op1"]
[Site "Madrid"]
[Date "2005.09.22"]
[Round "1"]
[White "Herraiz Hidalgo, Herminio"]
[Black "Alcala Cuesta, Miguel"]
[Result "1-0"]
[WhiteElo "2471"]
[BlackElo "1910"]
[PlyCount "89"]
[EventDate "2005.09.22"]
[EventType "swiss"]
[EventRounds "9"]
[EventCountry "ESP"]
[SourceTitle "CBM 108 Extra"]
[Source "ChessBase"]
[SourceDate "2005.11.04"]
[SourceVersion "1"]
[SourceVersionDate "2005.11.04"]
[SourceQuality "1"]

1. d4 d5 2. c4 c6 3. Nf3 Nf6 4. e3 e6 5. Nbd2 Bd6 6. Bd3 Nbd7 7. 0-0 0-0 8. e4 dxe4 9. Nxe4 Nxe4 10. Bxe4 e5 11. dxe5 Nxe5 12. Nxe5 Bxe5 13. Bxh7+ Kxh7 14. Qh5+ Kg8 15. Qxe5 Re8 16. Qf4 Qd3 17. b3 Qe4 18. Qxe4 Rxe4 19. Rd1 Be6 20. Kf1 Kf8 21. f3 Rh4 22. h3 Rh5 23. Kf2 Ke8 24. Bb2 f6 25. Rd6 Kf7 26. Bc3 Re8 27. Rh1 Re7 28. Re1 Rh8 29. Bb4 Ree8 30. Re2 Bc8 31. Red2 Re6 32. R6d3 Rhe8 33. g4 Rh8 34. Kg3 Rhe8 35. h4 Re2 36. h5 a6 37. Kf4 b5 38. cxb5 axb5 39. Bc5 Rxd2 40. Rxd2 Be6 41. Rd6 Rc8 42. g5 fxg5+ 43. Kxg5 Bd5 44. Rd7+ Ke6 45. Re7# 1-0